00578nam a2200193 u 4500001000800000005001700008007001000025008004100035020001500076035001200091040001300103041000800116082000800124100004500132245008700177260004200264300003200306650004600338106006520260507082532.0co|||||||071204s2007 spa  a9702610621 a1060065 ccomduadb aspa 4a65810aBernal Torres, César Augusto4auteaut10aIntroduccion a la administracion de la organizaciones : enfoque global e integral aMéxico :bPearson Education,c2007. a1 CD-ROM + 1 texto (331 p.) 7aAdministración de la producción2lemb